[Event "ICC-ch blitz fin"]
[Site "ICC INT"]
[Date "2002.08.18"]
[Round "2.6"]
[White "Mikhalevski, Victor"]
[Black "Kiriakov, Petr"]
[Result "1-0"]
[WhiteElo "2520"]
[BlackElo "2553"]
[PlyCount "137"]
[EventDate "2002.08.17"]
[EventType "k.o. (blitz)"]
[EventRounds "6"]
[EventCountry "USA"]
[SourceTitle "EXT 2003"]
[Source "ChessBase"]
[SourceDate "2002.11.25"]
[SourceVersion "1"]
[SourceVersionDate "2002.11.25"]
[SourceQuality "1"]

1. Nf3 e6 2. b3 Nf6 3. Bb2 b5 4. e3 a6 5. c4 ({RR} 5. Be2 Bb7 6. c4 bxc4 7. bxc4 Be7 8. Nc3 O-O 9. O-O d5 10. Rb1 c5 11. cxd5 Nxd5 12. Na4 Bc6 13. Ne5 Bb5 14. Nc3 Bxe2 15. Qxe2 Bf6 16. Ne4 Be7 17. Rfc1 f6 18. Nd3 Nd7 19. Nexc5 Nxc5 {Vachier Lagrave,M (2766)-Lugovskoy,M (2423) Chess.com INT 2021 1-0 (47)}) 5... bxc4 6. Bxc4 Bb7 7. Nc3 $146 ({RR} 7. O-O Be7 8. d4 O-O 9. Qe2 c5 10. dxc5 Bxc5 11. Nc3 d5 12. Bd3 Nc6 13. Rac1 Qe7 14. Bb1 e5 15. Nxd5 Nxd5 16. Qc2 e4 17. Qxe4 Nf6 18. Bxf6 Qxf6 19. Qxh7# {1-0 (19) Raja,R (2532)-Andreev,K (2228) chess.com INT 2024}) ({RR} 7. O-O Be7 8. d4 O-O 9. Qe2 c5 10. dxc5 Bxc5 11. Nc3 d5 12. Bd3 Nc6 13. Rac1 Qe7 14. Bb1 e5 15. Nxd5 Nxd5 16. Qc2 e4 17. Qxe4 Nf6 18. Bxf6 Qxf6 19. Qxh7# {1-0 (19) Raja,R (2532)-Andreev,K (2228) chess.com INT 2024}) 7... d5 8. Be2 c5 9. d4 Nbd7 10. O-O Be7 11. Rc1 O-O 12. Na4 cxd4 13. Qxd4 Qb8 14. Qh4 Rc8 15. Nd4 Qd6 16. Bd3 h6 17. Qh3 Rxc1 18. Rxc1 Rc8 19. Rd1 Ne5 20. Bb1 Neg4 21. Nc3 Qb8 22. Nce2 Bd6 23. g3 a5 24. Nc3 Ba6 25. Qg2 Bb4 26. Na4 e5 27. Nf5 Be2 28. Rc1 Rxc1+ 29. Bxc1 e4 30. Nd4 Ba6 31. f4 exf3 32. Qxf3 Ne5 33. Qf4 Ned7 34. Qf3 Qe5 35. Bb2 Qg5 36. Bf5 Ne5 37. Qf4 Qxf4 38. exf4 Nd3 39. Bc3 Bxc3 40. Nxc3 Nc5 41. Kf2 g6 42. Bc2 Ng4+ 43. Kg2 Ne3+ 44. Kf3 Nxc2 45. Nxc2 Kf8 46. Ke3 Bb7 47. Kd4 Ne6+ 48. Ke5 Nc5 49. Ne1 Ne4 50. Nxd5 Bxd5 51. Kxd5 Nc3+ 52. Kc4 Nxa2 53. Nd3 Ke7 54. Kb5 Kd6 55. Kxa5 Kd5 56. Nb4+ Nxb4 57. Kxb4 Ke4 58. Kc5 Kf3 59. b4 Kg2 60. b5 Kxh2 61. b6 Kxg3 62. b7 h5 63. b8=Q f5 64. Qd6 h4 65. Qxg6+ Kxf4 66. Qh5 Kg3 67. Qg5+ Kh3 68. Qxf5+ Kg3 69. Qg5+ 1-0

[Event "GER-GRE"]
[Site "Fuerth"]
[Date "2002.09.04"]
[Round "5"]
[White "Bischoff, Klaus"]
[Black "Miladinovic, Igor"]
[Result "1-0"]
[WhiteElo "2554"]
[BlackElo "2503"]
[PlyCount "113"]
[EventDate "2002.08.31"]
[EventType "team"]
[EventRounds "6"]
[EventCountry "GER"]
[SourceTitle "CBM 091"]
[Source "ChessBase"]
[SourceDate "2002.11.12"]
[SourceVersion "1"]
[SourceVersionDate "2002.11.12"]
[SourceQuality "1"]
[WhiteTeam "Germany"]
[BlackTeam "Greece"]
[WhiteTeamCountry "GER"]
[BlackTeamCountry "GRE"]

1. Nf3 d5 2. c4 d4 3. g3 g6 4. d3 Bg7 5. Bg2 e5 6. O-O Ne7 7. b4 O-O 8. Nfd2 ({RR} 8. a4 a5 9. b5 c5 10. Nbd2 Ra7 11. Ra3 b6 12. e3 h6 13. exd4 exd4 14. Re1 Nf5 15. Ra2 Nd6 16. Ne4 Nxe4 17. Rxe4 Bf5 18. Re1 Re8 19. Rxe8+ Qxe8 20. Re2 Re7 21. Rxe7 Qxe7 22. Nh4 Bc8 {Fressinet,L (2717)-Le,Q (2712) Dubai 2014 ½-½ (43)}) 8... c6 ({RR} 8... f5 9. a4 c6 10. Ba3 Be6 11. b5 Rf7 12. a5 g5 13. a6 b6 14. Bxe7 Rxe7 15. bxc6 Rc7 16. Qa4 h5 17. Na3 Bc8 18. Nb5 Nxa6 19. Nb3 h4 20. c5 Kh7 21. Qc4 Qe7 22. Nxc7 Nxc7 23. cxb6 {Velikanov,A (2353)-Bettalli,F (2302) Chess.com INT 2022 1-0}) ({RR} 8... Nd7 9. Na3 g5 10. Nc2 Ng6 11. a4 a5 12. b5 Re8 13. Nb3 f5 14. Bd2 e4 15. Bxa5 Nde5 16. Bb4 exd3 17. exd3 f4 18. Nbxd4 Bg4 19. f3 Bd7 20. Qd2 h5 21. Bc3 Rf8 22. Rae1 Rxa4 23. Re4 {Bischoff,K (2533)-Najer,E (2600) Ohrid 2001 ½-½}) 9. a4 a5 $146 ({RR} 9... Nd7 10. Nb3 h5 11. N1d2 h4 12. Ne4 Nf6 13. Nxf6+ Bxf6 14. b5 hxg3 15. hxg3 Kg7 16. Nc5 Rh8 17. e3 Qg8 18. Qf3 Qh7 19. Re1 Qh2+ 20. Kf1 Rh5 21. Ne4 Ng8 22. exd4 exd4 23. g4 Rh7 24. Bf4 {Lopez Martinez,J (2540)-Ryan,J (2169) Badalona 2015 1-0}) ({RR} 9... Be6 10. Na3 Nd7 11. Nc2 Qc7 12. Bb2 a5 13. Nb3 axb4 14. Nxb4 b6 15. Nc2 Ra6 16. Ba3 c5 17. Bc1 Nf5 18. Na3 Nd6 19. Qc2 h6 20. Bd2 Kh7 21. Rfc1 f5 22. Nb5 Qb8 23. a5 bxa5 24. Nxd6 {Lushenkov,M (2395)-Ulybin,M (2506) Saratov 2006 0-1 (58)}) 10. bxa5 Qxa5 11. Ba3 Qc7 12. Nb3 f5 13. a5 Bf6 14. N1d2 Na6 15. f4 c5 16. fxe5 Bxe5 17. Nf3 Bg7 18. Bc1 Nc6 19. Bf4 Qe7 20. Qd2 Nd8 21. Rae1 Ne6 22. e3 Nxf4 23. gxf4 dxe3 24. Qxe3 Qxe3+ 25. Rxe3 Bf6 26. Ne5 Kg7 27. Rb1 Re8 28. Kf2 Nb4 29. Nxc5 Nc2 30. a6 Nxe3 31. axb7 Ng4+ 32. Nxg4 Bd4+ 33. Kg3 Rb8 34. bxc8=Q Rbxc8 35. Rb7+ Kh8 36. Nb3 Bg7 37. Nf2 Re2 38. Bf3 Re1 39. h4 Bf6 40. c5 Re3 41. Rd7 Bxh4+ 42. Kxh4 Rxf3 43. Nh3 h6 44. Nd2 g5+ 45. fxg5 hxg5+ 46. Nxg5 Rf4+ 47. Kh5 Rf2 48. Ndf3 Rxc5 49. Rd8+ Kg7 50. Ne6+ Kf6 51. Nxc5 Rxf3 52. Kh4 Re3 53. d4 Rc3 54. Rd6+ Ke7 55. Re6+ Kf7 56. Kg5 Rc4 57. Rd6 1-0

[Event "HUN-chT 0203"]
[Site "Hungary"]
[Date "2003.01.06"]
[Round "3.1"]
[White "Almasi, Zoltan"]
[Black "Acs, Peter"]
[Result "1-0"]
[WhiteElo "2672"]
[BlackElo "2560"]
[PlyCount "127"]
[EventDate "2002.09.22"]
[EventType "team"]
[EventRounds "11"]
[EventCountry "HUN"]
[SourceTitle "EXT 2004"]
[Source "ChessBase"]
[SourceDate "2003.11.25"]
[SourceVersion "1"]
[SourceVersionDate "2003.11.25"]
[SourceQuality "1"]
[WhiteTeam "Honved Spectrum"]
[BlackTeam "Paks ASE"]
[WhiteTeamCountry "HUN"]
[BlackTeamCountry "HUN"]

1. Nf3 d5 2. g3 Nf6 3. Bg2 c6 4. O-O Bg4 5. d3 e6 6. Nbd2 Be7 7. h3 Bh5 8. b3 O-O 9. Bb2 Nbd7 10. e4 Ne8 ({RR} 10... Qc7 11. Qe2 Rfd8 12. g4 Bg6 13. Nh4 dxe4 14. dxe4 Qf4 15. Nxg6 hxg6 16. Nc4 Rac8 17. Rad1 b5 18. e5 bxc4 19. exf6 gxf6 20. Rd4 Qe5 21. Qxc4 Bd6 22. Rfd1 Qh2+ 23. Kf1 Nb6 24. Qe2 Nd5 25. c4 {Vardanyan,A (2272)-Novikovas,A (1675) Vilnius 2022 1-0 (44)}) 11. Qe1 ({RR} 11. Qe2 f6 12. exd5 exd5 13. Rfe1 Bd6 14. c4 Nc7 15. g4 Re8 16. Qf1 Bf7 17. a3 Bf4 18. Rxe8+ Nxe8 19. Re1 Nc7 20. Qe2 Nc5 21. b4 N5e6 22. Nb3 Qf8 23. Nfd4 Re8 24. Qf1 dxc4 25. dxc4 Nxd4 {Koneru,H (2614)-Kosintseva,T (2515) Moscow 2010 0-1 (48)}) 11... Nc7 12. Nh2 dxe4 $146 ({RR} 12... f6 13. f4 Bb4 14. a3 Ba5 15. g4 Bg6 16. Nhf3 dxe4 17. dxe4 Qe7 18. Qg3 Bxd2 19. Nxd2 e5 20. f5 Bf7 21. a4 Rfd8 22. Ba3 c5 23. Rfd1 b5 24. Bf1 Rab8 25. axb5 Nxb5 26. Bb2 Nf8 27. Ra5 {Dedes,N (2295)-Pandavos,E (2370) Serres 1990 1-0 (41)}) ({RR} 12... f5 13. f4 fxe4 14. dxe4 Bb4 15. a3 Ba5 16. Kh1 Bb6 17. g4 Bf7 18. e5 Qe7 19. b4 a5 20. c3 g5 21. fxg5 Qxg5 22. c4 axb4 23. axb4 Rxa1 24. Bxa1 Na6 25. c5 Bc7 26. Ndf3 Qf4 27. Bc3 {Pollmann,S (2082)-Roggensack,H (1904) Frankfurt 2012 0-1 (51)}) 13. dxe4 e5 14. Nc4 f6 15. Ng4 Ne6 16. Nge3 a5 17. Nf5 Bc5 18. a3 b5 19. Nce3 Re8 20. Kh1 Qc7 21. b4 Bxe3 22. Nxe3 Nb6 23. f3 Na4 24. Bc1 axb4 25. axb4 Rad8 26. h4 Nd4 27. Ra3 Bf7 28. Rf2 c5 29. bxc5 Qxc5 30. Kh2 Ra8 31. Ra1 Nc3 32. Bd2 b4 33. Bxc3 Qxc3 34. Qxc3 bxc3 35. Rff1 Ba2 36. Rfd1 Kf8 37. Rd3 Rec8 38. f4 Ne2 39. fxe5 fxe5 40. Bh3 Rcb8 41. Bg4 Nd4 42. Rxc3 Rb1 43. Rxb1 Bxb1 44. Kh3 Ra4 45. Rc8+ Kf7 46. Rc5 Kf8 47. c3 Nb3 48. Rc8+ Ke7 49. Nf5+ Kf7 50. Bd1 Ba2 51. Rb8 Ra3 52. Nd6+ Ke7 53. Nc4 Ra4 54. Rb7+ Kf8 55. Nd2 Nxd2 56. Bxa4 Nxe4 57. Rc7 Nd2 58. Bb5 e4 59. Be2 e3 60. g4 h6 61. h5 Ne4 62. Kg2 Nf6 63. c4 Bb1 64. Kf3 1-0

[Event "CZE-chT 0203"]
[Site "Czech Republic"]
[Date "2002.10.12"]
[Round "1"]
[White "Movsesian, Sergei"]
[Black "Babula, Vlastimil"]
[Result "1-0"]
[WhiteElo "2654"]
[BlackElo "2584"]
[PlyCount "71"]
[EventDate "2002.10.01"]
[EventType "team"]
[EventRounds "11"]
[EventCountry "CZE"]
[SourceTitle "EXT 2004"]
[Source "ChessBase"]
[SourceDate "2003.11.25"]
[SourceVersion "1"]
[SourceVersionDate "2003.11.25"]
[SourceQuality "1"]
[WhiteTeam "Pardubice"]
[BlackTeam "Slatinice"]
[WhiteTeamCountry "CZE"]
[BlackTeamCountry "CZE"]

1. Nf3 {ChessBase} Nf6 2. g3 d5 3. Bg2 c6 4. O-O Bg4 5. d3 Nbd7 6. Qe1 e5 7. h3 Bh5 8. e4 dxe4 9. dxe4 Bc5 10. Nbd2 O-O 11. Nc4 Re8 12. a4 b5 13. Na5 Qc7 14. Nh4 ({RR} 14. Bd2 Nb6 15. b3 Nfd7 16. Nh4 f6 17. axb5 cxb5 18. Nf5 Bf8 19. Ne3 Nc5 20. Nd5 Qd7 21. Bb4 Rac8 22. Qe3 Qf7 23. Ra2 f5 24. c4 f4 25. Qd2 f3 26. Bh1 Nxe4 27. Qe3 Nxd5 28. cxd5 Nf6 {Praggnanandhaa,R (2690)-Maghsoodloo,P (2719) Ajka HUN 2023 0-1 (37)}) 14... Bg6 ({RR} 14... Bb6 15. Nb3 a6 16. Bg5 c5 17. a5 Ba7 18. c4 Rab8 19. Nd2 h6 20. Be3 Nf8 21. f4 exf4 22. Bxf4 Qd8 23. Nf5 Ne6 24. e5 ({RR} 24. Bxb8) 24... Nd4 ({RR} 24... Nxf4 25. gxf4) 25. Nd6 Re6 26. Qf2 Ne8 27. g4 Nxd6 28. exd6 Re2 29. gxh5 {Aronian,L (2783)-Kramnik,V (2780) Shanghai 2010 CBM 138 [ChessBase] 1-0 (59)}) ({RR} 14... Bb6 15. Nb3 a6 16. a5 Ba7 17. Bg5 h6 18. Be3 c5 19. c4 Rab8 20. Nd2 Nf8 21. f4 exf4 22. gxf4 Ne6 23. e5 Nd7 24. Qg3 Ndf8 25. Ne4 Kh8 26. Nd6 Nd4 27. Bxd4 cxd4 28. Nhf5 Ne6 29. Nxe8 {Movsesian,S (2711)-Buhmann,R (2603) Germany 2009 1-0 (34)}) 15. Bg5 $146 ({RR} 15. b4 Bf8 16. Nxg6 hxg6 17. c4 c5 18. cxb5 cxb4 19. Nc6 a6 20. Bd2 axb5 21. axb5 b3 22. Rxa8 Rxa8 23. Qb1 Nc5 24. Be3 Nfd7 25. Rc1 Qb7 26. Bf1 Ra4 27. Bc4 Rxc4 28. Rxc4 Qxb5 29. Rxc5 Bxc5 {Van Kemenade,R (1985)-Kett,T (2208) Cardiff 2017 0-1}) 15... Bd4 16. Ra2 bxa4 17. Nxg6 hxg6 18. Rxa4 Rab8 19. c3 Bb6 20. Nc4 Nh5 21. Kh2 f6 22. Bd2 Nc5 23. Ra3 Rbd8 24. Qe2 Nb7 25. Rfa1 Nd6 26. Nxb6 axb6 27. Ra7 Qc8 28. Be3 c5 29. Qg4 Kh7 30. Qh4 Kg8 31. Bf3 Qc6 32. Bxh5 gxh5 33. Qxh5 Qxe4 34. Bh6 gxh6 35. R1a4 c4 36. Rxc4 1-0

[Event "EU-ch blitz"]
[Site "Panormo"]
[Date "2002.10.02"]
[Round "10"]
[White "Miroshnichenko, Evgenij"]
[Black "Volkov, Sergey"]
[Result "1-0"]
[WhiteElo "2548"]
[BlackElo "2642"]
[PlyCount "117"]
[EventDate "2002.10.02"]
[EventType "tourn (blitz)"]
[EventRounds "38"]
[EventCountry "GRE"]
[SourceTitle "CBM 090 Extra"]
[Source "ChessBase"]
[SourceDate "2002.11.07"]
[SourceVersion "1"]
[SourceVersionDate "2002.11.07"]
[SourceQuality "1"]

1. Nf3 d5 2. g3 c6 3. Bg2 Bg4 4. O-O Nd7 5. d3 Ngf6 6. b3 e5 7. Bb2 Bd6 8. Nbd2 O-O 9. e4 d4 10. h3 Bh5 11. Qe1 $146 ({RR} 11. Qc1 b5 12. Nh4 Bc7 13. Qe1 Ne8 14. a4 Nd6 15. Nf5 a5 16. Ba3 Nb6 17. Bc5 f6 18. Nf3 bxa4 19. bxa4 Re8 20. g4 Bf7 21. Ng3 Nb7 22. Bxb6 Bxb6 23. Qc1 Nc5 24. Nd2 Ne6 25. Ne2 Bc5 {Misiuga,A (2244)-Lagowski,P (2363) Trinec 2003 0-1 (49)}) 11... Re8 12. Nh4 Bg6 13. f4 exf4 14. gxf4 Nh5 15. e5 Be7 16. Nxg6 hxg6 17. Ne4 Nc5 18. Nxc5 Bxc5 19. Qf2 Qd7 20. Rae1 Bb4 21. Re4 c5 22. Bc1 Rad8 23. Kh2 Ba5 24. Bf3 Bc7 25. Rg1 Kf8 26. Qg2 Qe6 27. Bg4 f5 28. exf6 Qxf6 29. Kh1 Nxf4 30. Rxf4 Bxf4 31. Bxf4 Kg8 32. Bc7 Ra8 33. Rf1 Qc6 34. Qxc6 bxc6 35. Bd7 Rf8 36. Rxf8+ Rxf8 37. Kg2 Kh7 38. Bg3 Rf6 39. a4 Rf7 40. Bxc6 Re7 41. Be4 Kh6 42. Bd6 Rd7 43. Bxc5 Rc7 44. Bxd4 Rxc2+ 45. Kg3 g5 46. Bxa7 Rc3 47. Be3 Rxb3 48. a5 Ra3 49. Bb6 g6 50. Kf3 Kh5 51. Ke3 Kh4 52. Bb7 Kxh3 53. a6 g4 54. a7 g3 55. a8=Q Rxa8 56. Bxa8 g2 57. Kf2 Kh2 58. Bxg2 g5 59. Bc7# 1-0

[Event "FIDE World Cup-C"]
[Site "Hyderabad"]
[Date "2002.10.11"]
[Round "2"]
[White "Sasikiran, Krishnan"]
[Black "Anand, Viswanathan"]
[Result "1-0"]
[WhiteElo "2670"]
[BlackElo "2755"]
[Annotator "Horn,Peter"]
[PlyCount "105"]
[EventDate "2002.10.05"]
[EventType "tourn"]
[EventRounds "5"]
[EventCountry "IND"]
[EventCategory "16"]
[SourceTitle "CBM 092"]
[Source "ChessBase"]
[SourceDate "2003.02.06"]
[SourceVersion "1"]
[SourceVersionDate "2003.02.06"]
[SourceQuality "1"]

1. Nf3 Nf6 2. g3 d5 3. Bg2 c6 4. O-O Bg4 5. d3 Nbd7 6. Nbd2 e6 7. b3 Bc5 8. Bb2 O-O 9. a3 a5 10. e4 b5 11. Qe1 Ne8 12. h3 Bh5 13. Kh1 Nc7 14. c4 $146 {Insbesondere mit dem c5 macht der Zug Sinn, da d3-d4 etl. mit Tempo erfolgen kann,} (14. e5 {Für diesen Vorstoß ist Schwarz gut gerüstet.} Bb6 15. Nh2 c5 16. g4 Bg6 17. f4 f5 18. exf6 Nxf6 19. Nhf3 $13 {Bezold,M-Kipper,J/Muenster 1996}) ({RR} 14. e5 Bb6 15. Nh2 c5 16. g4 Bg6 17. f4 f5 18. exf6 Nxf6 19. Nhf3 d4 20. b4 Nfd5 21. bxc5 Bxc5 22. Qe5 Qd7 23. Ne4 Ba7 24. Nxd4 Nxf4 25. Nxb5 Nxb5 26. Rxf4 Rxf4 27. Qxf4 Rf8 28. Qg5 Nd4 {Bezold,M (2495)-Kipper,J (2220) Muenster 1996 ½-½ (43)}) 14... dxc4 {aus dem Zentrum zu schlagen, birgt ein gewisses Risiko} ({es gab diverse Alternativen, z.B.:} 14... bxc4 $5) 15. d4 Be7 16. bxc4 {Weiß hat das Zentrum besetzt. Schwarz ist in der Pflicht, sich Maßnahmen auszudenken.} b4 (16... c5) 17. Qe3 Na6 (17... c5 18. d5 $14) 18. Rfc1 e5 {Eine radikale Lösung.} ({Schwarz konnte auch vorher den h5 tauschen, um die folgende Aussperrung zu verhindern:} 18... Bxf3 19. Nxf3 e5 20. dxe5 Bc5 21. Bd4 Re8 $14 (21... Bxd4 22. Nxd4 Nxe5 23. f4 c5 24. Nf5 Nc6 $14)) 19. g4 Bg6 ({Der Zwischenzug hilft Weiß:} 19... exd4 $2 20. Nxd4 $16) 20. dxe5 Re8 ({Der Alternative} 20... Bc5 {traue ich auch nicht vollständig:} 21. Bd4 {z.B.:} bxa3 22. Bxc5 Naxc5 23. Rxa3 Re8 24. Nd4 $16 {[%cal Yf2f4]}) 21. Nb3 Nac5 (21... bxa3 22. Bxa3 Bxa3 23. Rxa3 Nb4) 22. axb4 Nxb3 23. Qxb3 Bxb4 24. Qe3 h5 (24... Bc5 25. Bd4 Qb6 (25... Bxd4 26. Nxd4 Nxe5 27. f4 $16)) 25. g5 Bc5 26. Bd4 Qe7 (26... Bxd4 27. Nxd4 c5 (27... Nxe5 28. f4 c5 29. Nb5 Nd3 30. Rf1 $16) 28. Nf3 $16) 27. Rd1 (27. e6 $5 fxe6 28. Rd1 e5 29. Bxc5 Nxc5 30. Nh4 $14) 27... a4 $2 (27... Bxd4 {sieht wie eine Rettung aus:} 28. Nxd4 (28. Rxd4 Nxe5 29. Nxe5 Qxe5 30. f4 Qc5 {[%cal Ya5a4]}) (28. Qxd4 Nc5) 28... Nxe5 29. f4 (29. Ra4 Red8) 29... Nxc4 30. Qc1 Bxe4 $1 31. Qxc4 Bxg2+ 32. Kxg2 Qe4+ $132) 28. e6 $1 Bxd4 (28... fxe6 $2 29. Bxc5 Nxc5 30. Ne5 $18) 29. Nxd4 (29. exf7+ Qxf7) 29... Nf8 (29... Ne5 30. f4 Nxc4 31. Qc3 $18) (29... fxe6 30. e5 $16 (30. Nxc6 $16)) 30. f4 ({Weiß konnte auch einen  gewinnen; danach spielt der g6 aber wieder mit:} 30. exf7+ $5 Bxf7 31. Nxc6 Qc7 32. e5 $18) 30... Nxe6 31. f5 Nxd4 32. Qxd4 Bh7 33. h4 {[%csl Rh7]} Red8 $2 (33... Reb8 34. Qd6 $16) {Das war Anand wohl entgangen} 34. Rxa4 $1 Rab8 (34... Rxd4 35. Rxa8+ $18) 35. Qa1 Rxd1+ 36. Qxd1 Qe5 37. Rb4 Ra8 38. Ra4 Rb8 39. Ra3 Qf4 40. Qe1 g6 41. f6 Kh8 42. Qg3 Qc1+ 43. Kh2 Rb1 44. Qd6 Bg8 45. Kh3 Rb8 46. Rg3 Qb2 47. c5 Rb3 48. Rxb3 Qxb3+ 49. Kh2 Qe3 50. Qf8 Qf4+ 51. Kg1 Qe3+ 52. Kf1 Qd3+ 53. Kf2 (53. Kf2 Qd2+ 54. Kf3 Qd3+ 55. Kf4 Qd2+ 56. Ke5 Qb2+ 57. Kd6 Qd4+ 58. Kc7 Qe5+ 59. Kb7 Qb2+ 60. Kc8 $18) 1-0

[Event "RUS Cup final 6th"]
[Site "Nefteyugansk"]
[Date "2002.10.09"]
[Round "4"]
[White "Prokopchuk, Evgeny"]
[Black "Yevseev, Denis"]
[Result "1-0"]
[WhiteElo "2513"]
[BlackElo "2553"]
[Annotator "Horn,Peter"]
[PlyCount "105"]
[EventDate "2002.10.06"]
[EventType "tourn"]
[EventRounds "11"]
[EventCountry "RUS"]
[EventCategory "11"]
[SourceTitle "CBM 092"]
[Source "ChessBase"]
[SourceDate "2003.02.06"]
[SourceVersion "1"]
[SourceVersionDate "2003.02.06"]
[SourceQuality "1"]

1. Nf3 d5 2. g3 Bg4 3. Bg2 Nd7 4. c4 e6 5. Qb3 Nc5 6. Qc2 Nf6 7. O-O Be7 8. d3 c6 9. Be3 Ncd7 (9... Bxf3 10. Bxf3 d4 11. Bc1 a5 12. Nd2 e5 (12... a4 13. Bg2 Nfd7 14. Nf3 e5 15. e3 dxe3 16. Bxe3 O-O 17. d4 exd4 18. Nxd4 $14 {Pigusov,E-Nikitin,A/Smolensk 2000}) 13. Bg2 O-O 14. Nf3 Qc7 15. e3 e4 16. Ne1 Rad8 17. exd4 exd3 18. Qc3 Nfe4 19. Bxe4 Nxe4 20. Qxd3 Nc5 21. Qc2 Ne6 22. Nf3 Bf6 {½-½ Kengis,E-Bareev,E/Germany 2001}) 10. cxd5 $146 (10. Qb3 Qc7 11. cxd5 Nxd5 12. Bd2 $14 {Pigusov,E-Ibragimov,I/Elista 1996}) ({RR} 10. Qb3 Qc7 11. cxd5 Nxd5 12. Bd2 e5 13. e4 N5b6 14. Be3 O-O 15. Nbd2 Bc5 16. Bxc5 Nxc5 17. Qc3 Nbd7 18. b4 Ne6 19. h3 Bxf3 20. Nxf3 a5 21. a3 axb4 22. axb4 Qd6 23. h4 Nc7 24. d4 Nb5 {Pigusov,E (2570)-Ibragimov,I (2545) Elista 1996 ½-½ (34)}) 10... exd5 11. Qb3 Qc7 12. Nc3 O-O 13. Rac1 Rfc8 14. Nd4 Nc5 15. Qc2 Qd7 16. b4 Ne6 17. Qb2 $146 (17. Qb3 b6 ({Die Vermutung liegt nahe, daß Schwarz hier auch} 17... Nxd4 18. Bxd4 Bh3 {gespielt hätte.}) 18. Rfd1 Rab8 19. b5 c5 $2 20. Nc6 $16 {Bosboom-Jonkman, Vlissingen 1998}) 17... Nxd4 18. Bxd4 Bh3 19. Na4 Bxg2 20. Kxg2 b6 {[%cal Yc6c5]} 21. Bxb6 $5 axb6 22. Nxb6 Qb7 23. Nxa8 (23. Nxc8) 23... Rxa8 24. Qc3 Rc8 (24... Rxa2 {sollte remis halten.} 25. Qxc6 Qxb4 26. Rc2) 25. a3 h5 26. f3 h4 27. e4 dxe4 28. dxe4 Qb5 29. Qd3 $4 {Das dürfte ein Erfassungsfehler sein.} ({Vielleicht geschah} 29. Qe3) 29... Qe5 $4 30. f4 (30. Rfd1 Qg5 $5) 30... Qxe4+ 31. Qxe4 Nxe4 32. g4 g6 33. Rfe1 (33. f5 $5 {gönnt dem e4 kein stabiles Zuhause im Zentrum}) 33... f5 34. b5 {Damit setzt ein spannendes Rennen ein.} c5 (34... Bxa3 35. Rxc6 Rxc6 36. bxc6 Bd6 37. gxf5 gxf5 38. Rd1 $16 {[%cal Yd1d5,Yd5f5]} Kf7 $2 39. c7 $18) 35. b6 Rb8 36. Rb1 Bd6 37. b7 c4 (37... Bxf4 $5 {kam in Betracht:} 38. Rb6 (38. gxf5 gxf5 39. a4 Bd2 {[%cal Yd2b4]}) 38... Kf7 39. gxf5 gxf5 40. Rf1 Rg8+ 41. Kh1 Bc7 42. Rxf5+ Ke7 $11) 38. a4 c3 (38... Bxf4 39. a5 c3 40. a6 c2 41. a7 $18) 39. a5 c2 40. Rb2 fxg4 $1 (40... Bxf4 41. a6 $18) 41. a6 h3+ 42. Kh1 Nf2+ $2 ({mit} 42... Re8 $1 {war die Partie etl. zu retten:} 43. Rxc2 (43. a7 $4 Ng3+ 44. hxg3 Rxe1+ 45. Kh2 Re2+ 46. Kh1 c1=R#) 43... Nf2+ 44. Kg1 Rxe1+ 45. Kxf2 Ra1 $11) 43. Kg1 Nd3 44. Rxc2 Nxe1 45. Rc8+ Kg7 46. a7 Nf3+ 47. Kf2 Rxb7 48. a8=Q Rb2+ 49. Ke3 Rb3+ 50. Ke4 Rb4+ $6 (50... Kf7 {war noch einen Versuch wert}) 51. Kd5 Rd4+ 52. Ke6 Bxf4 53. Rc7+ 1-0

[Event "Olympiad-35"]
[Site "Bled"]
[Date "2002.11.02"]
[Round "8.3"]
[White "Hickl, Joerg"]
[Black "Degraeve, Jean Marc"]
[Result "1-0"]
[WhiteElo "2605"]
[BlackElo "2575"]
[PlyCount "153"]
[EventDate "2002.10.26"]
[EventType "team-swiss"]
[EventRounds "14"]
[EventCountry "SLO"]
[SourceTitle "EXT 2003"]
[Source "ChessBase"]
[SourceDate "2002.11.25"]
[SourceVersion "1"]
[SourceVersionDate "2002.11.25"]
[SourceQuality "1"]
[WhiteTeam "Germany"]
[BlackTeam "France"]
[WhiteTeamCountry "GER"]
[BlackTeamCountry "FRA"]

1. Nf3 c5 2. g3 Nc6 3. Bg2 g6 4. c3 Bg7 5. O-O d5 6. d3 Nf6 7. a3 O-O 8. b4 b6 9. Nbd2 Nd7 10. Qb3 e6 11. Bb2 Bb7 12. Rfe1 Qe7 $146 ({RR} 12... a5 13. Rab1 axb4 14. cxb4 cxb4 15. Bxg7 Kxg7 16. axb4 b5 17. Rec1 Ra4 18. Rxc6 Bxc6 19. Qc3+ Nf6 20. Qxc6 Qb8 21. Rc1 Rxb4 22. Qc3 Ra4 23. e4 b4 24. Qb2 Rc8 25. Rb1 Qc7 26. exd5 exd5 27. Bh3 {Hickl,J (2600)-Ftacnik,L (2566) Austria 2002 ½-½ (31)}) 13. Rab1 a5 14. e4 dxe4 15. Nxe4 axb4 16. axb4 cxb4 17. cxb4 Bxb2 18. Rxb2 Nce5 19. Nxe5 Nxe5 20. Qc3 Nd7 21. Qc7 Bxe4 22. dxe4 Rfc8 23. Qf4 Rc4 24. Rd1 Nf8 25. b5 Rd8 26. Rbd2 e5 27. Qe3 Rxd2 28. Rxd2 Rc5 29. Qa3 Ne6 30. Rd5 Qc7 31. Bf1 Rc1 32. Kg2 Rc5 33. h4 h5 34. Qa8+ Kg7 35. Qa3 Rxd5 36. exd5 Nd4 37. Kg1 Qd7 38. Qa8 Nf3+ 39. Kg2 Qg4 40. d6 Nxh4+ 41. Kg1 Nf3+ 42. Kg2 h4 43. Be2 e4 44. Qa1+ Kg8 45. Qd1 hxg3 46. fxg3 Qd7 47. Qd5 Ne1+ 48. Kf2 Nd3+ 49. Bxd3 exd3 50. Ke3 Qe8+ 51. Kxd3 Qd7 52. Qe5 Kh7 53. Ke3 Qc8 54. Qd5 Qc3+ 55. Qd3 Qe1+ 56. Kf3 Qh1+ 57. Kf4 Qc1+ 58. Ke4 Qh1+ 59. Ke5 Qe1+ 60. Kd5 Qe8 61. Kc4 Qc8+ 62. Kb4 Qg4+ 63. Kb3 Qd7 64. Qd5 Kg8 65. Kc3 Kf8 66. Qd4 Qc8+ 67. Kb2 Ke8 68. Qxb6 Kd7 69. Kb3 f5 70. Qd4 Qg8+ 71. Kb4 Qf8 72. Kc5 Qc8+ 73. Kb4 Qf8 74. Qa7+ Ke6 75. Qe7+ Qxe7 76. dxe7 Kxe7 77. Ka5 1-0

[Event "Olympiad-35"]
[Site "Bled"]
[Date "2002.11.08"]
[Round "13.3"]
[White "Markowski, Tomasz"]
[Black "Ivanisevic, Ivan"]
[Result "1-0"]
[WhiteElo "2549"]
[BlackElo "2537"]
[PlyCount "137"]
[EventDate "2002.10.26"]
[EventType "team-swiss"]
[EventRounds "14"]
[EventCountry "SLO"]
[SourceTitle "EXT 2003"]
[Source "ChessBase"]
[SourceDate "2002.11.25"]
[SourceVersion "1"]
[SourceVersionDate "2002.11.25"]
[SourceQuality "1"]
[WhiteTeam "Poland"]
[BlackTeam "Yugoslavia"]
[WhiteTeamCountry "POL"]
[BlackTeamCountry "YUG"]

1. g3 d5 2. Nf3 g6 3. c4 d4 4. Bg2 Bg7 5. O-O e5 6. e3 dxe3 7. dxe3 Nd7 8. Nc3 Ngf6 9. b3 O-O 10. Ba3 Re8 11. Qc2 Nf8 $146 ({RR} 11... c6 12. Rad1 Bf8 13. Bxf8 Kxf8 14. Ng5 Qe7 15. Nge4 a5 16. Nd6 Rd8 17. Bh3 Nb6 18. Nxc8 Nxc8 19. Rxd8+ Qxd8 20. Rd1 Qe7 21. Ne4 Nb6 22. Nxf6 Qxf6 23. c5 Nd5 24. e4 Nb4 25. Qd2 Qe7 26. Qh6+ {Dutina,D (2251)-Palac,M (2569) Bol 2014 0-1 (31)}) 12. Rad1 Bd7 13. h3 h6 14. Kh2 N8h7 15. e4 Bf8 16. Bxf8 Nxf8 17. c5 Qe7 18. Nd5 Nxd5 19. exd5 Qf6 20. Rfe1 Re7 21. Qc3 Rae8 22. Nd2 Qg7 23. Nc4 e4 24. Qxg7+ Kxg7 25. d6 Re6 26. dxc7 Rc8 27. Rxe4 Rxc7 28. b4 Ra6 29. Rd2 Ra4 30. Nd6 b6 31. Re7 Rxb4 32. Ne8+ Bxe8 33. Rxc7 Ne6 34. Rc8 Bb5 35. cxb6 axb6 36. Rcc2 Bc4 37. Rb2 Ra4 38. Bd5 b5 39. Bc6 Ra5 40. Rbc2 Ra4 41. Bd5 Bxd5 42. Rxd5 Nd4 43. Rb2 Kf6 44. Kg2 Ke6 45. Rd8 h5 46. Rd2 Nf5 47. Re8+ Kf6 48. Rb8 Ra5 49. Rb7 Ke6 50. Rb6+ Ke7 51. Re2+ Kf8 52. Rb8+ Kg7 53. Rd8 Ra3 54. Rd5 b4 55. Rb2 Kf6 56. Rb5 h4 57. g4 Ne7 58. Rb6+ Kg7 59. R6xb4 g5 60. R4b3 Ra4 61. Rb5 Kf6 62. Rd2 Ra6 63. Re2 Nc6 64. Reb2 Ra3 65. Rb6 Rc3 66. a4 Kg7 67. R2b5 f6 68. Rb7+ Kg6 69. Rc7 1-0